| 000 -LEADER |
| fixed length control field |
00930nam a22001337a 4500 |
| 008 - FIXED-LENGTH DATA ELEMENTS--GENERAL INFORMATION |
| fixed length control field |
260130b ||||| |||| 00| 0 eng d |
| 100 ## - MAIN ENTRY--PERSONAL NAME |
| Personal name |
Naqvi, Hena |
| 245 ## - TITLE STATEMENT |
| Title |
Khadi’s journey: From a glorious past to a promising future |
| 260 ## - PUBLICATION, DISTRIBUTION, ETC. (IMPRINT) |
| Place of publication, distribution, etc |
Kurukshetra |
| 300 ## - PHYSICAL DESCRIPTION |
| Extent |
74(2), Dec, 2025: p.17-20 |
| 520 ## - SUMMARY, ETC. |
| Summary, etc |
Khadi symbolizes India’s self-reliance from the freedom movement to the modern ‘Atmanirbhar Bharat’ imitative. The Khadi and village industries commission (KVIC) uses technology, skill development, and market diversification through platforms like ekhadindia. com and the centre of excellence for Khadi (CoEK) to enhance its global appeal and increase sales. Khadi remains a vitals rue of economic empowerment and livelihood for million. With government schemes promoting its growth and ensuring the entries family can contribute to the process. – Reproduced |
| 773 ## - HOST ITEM ENTRY |
| Main entry heading |
Kurukshetra |
| 942 ## - ADDED ENTRY ELEMENTS (KOHA) |
| Item type |
Articles |